000 00325nam a2200133Ia 4500
008 190723s9999 xx 000 0 und d
020 _a978-81-315-2942-3
100 _aHyman David N.
245 0 _apublic Finance a Contemporay
250 _a11th
260 _aDelhi
_bCengage lesning
_c2017
300 _a698;p
942 _cBK
999 _c1934
_d1934